[Event "Avoine op 20th"]
[Site "Avoine"]
[Date "2005.07.28"]
[Round "5"]
[White "Hurault, Frederic"]
[Black "Caumont, Edouard"]
[Result "0-1"]
[WhiteElo "1570"]
[BlackElo "1480"]
[PlyCount "56"]
[EventDate "2005.07.23"]
[EventType "swiss"]
[EventRounds "9"]
[EventCountry "FRA"]
[SourceTitle "EXT 2007"]
[Source "ChessBase"]
[SourceDate "2006.11.23"]
[SourceVersion "1"]
[SourceVersionDate "2006.11.23"]
[SourceQuality "1"]

1. c4 Nf6 2. Nc3 g6 3. g3 Bg7 4. Bg2 0-0 5. d4 d6 6. Nf3 Nfd7 7. Bg5 Qe8 8. Nd5 f6 9. Nxc7 Qd8 10. Nxa8 fxg5 11. Nxg5 Nf6 12. Qb3 Qa5+ 13. Qc3 Qxg5 14. Nc7 Nc6 15. c5 d5 16. b4 Ne4 17. Bxe4 Bxd4 18. Bxd5+ e6 19. Bxe6+ Bxe6 20. Qc1 Bxf2+ 21. Kd1 Qd8+ 22. Kc2 Nxb4+ 23. Kb2 Bd4+ 24. Ka3 Qxc7 25. Kxb4 a5+ 26. Ka3 Bxc5+ 27. Kb2 Bd4+ 28. Ka3 Qd6+ 0-1